000 00324nam a2200133Ia 4500
100 _aMirolvubov/I.N
942 _cBK
654 _aStrength of Materials
245 _aAn aid to Solving Problems in Strength of Materials
260 _bMir Publishers
_aMoscow
_c1977
082 _a620.1
300 _a477
546 _aENGLISH
999 _c20363
_d20363